000 00305nam a22001217a 4500
008 170815b xxu||||| |||| 00| 0 eng d
041 _aeng
080 _a51
100 _a36
101 _aMAT
245 _aVECTOR ANALYSIS & CARTESIAN TENSORS WITH SELECTED APPLICATIONS
_cKRISHNAMURTY,K
942 _2udc
_cBK
999 _c23550
_d23550